[Event "DVM U16 2016"]
[Site "Neumarkt in der Oberpfalz GER"]
[Date "2016.12.28"]
[Round "3"]
[White "Grimm, Ling Leander"]
[Black "Wegmer, Leon"]
[Result "1-0"]
[Termination "normal"]
[Board "8.3"]
[WhiteElo "1703"]
[BlackElo "1511"]
[WhiteTeam "SK Bebenhausen"]
[BlackTeam "Karlsruher SF"]
[PlyCount "63"]
[WhiteFideId "12968277"]
[BlackFideId "12983748"]
[EventCountry "GER"]
[EventRounds "7"]
[EventType "team-swiss"]
[EventDate "2016.12.26"]

1. e4 c6 2. d4 d5 3. exd5 cxd5 4. c4 Nf6 5. Nc3 e6 6. a3 b6 7. Nf3 Bb7 8. Bg5
dxc4 9. Bxc4 Be7 10. O-O O-O 11. Qe2 Nc6 12. Rad1 h6 13. Bc1 Na5 14. Ba2 Rc8
15. Rfe1 Bxa3 16. Ne5 Re8 17. Rd3 Ba6 18. Bxh6 Bxd3 19. Qxd3 gxh6 20. bxa3 Nh7
21. Nxf7 Qc7 22. Qg6+ Kf8 23. Qxh6+ Kg8 24. Qg6+ Kf8 25. Qh6+ Kg8 26. Bxe6 Rxe6
27. Qxe6 Qxc3 28. Nd6+ Kg7 29. Qg4+ Kf8 30. Qxc8+ Qxc8 31. Nxc8 Nc6 32. d5  1-0

[Event "DVM U16 2016"]
[Site "Neumarkt in der Oberpfalz GER"]
[Date "2016.12.28"]
[Round "3"]
[White "Ortmeier, Leonhard"]
[Black "Grieb, Lukas"]
[Result "1-0"]
[Termination "normal"]
[Board "9.1"]
[WhiteElo "1978"]
[BlackElo "1810"]
[WhiteTeam "SC Rochade Emsdetten"]
[BlackTeam "SK Gau-Algesheim"]
[PlyCount "63"]
[WhiteFideId "12993662"]
[BlackFideId "1271993"]
[EventCountry "GER"]
[EventRounds "7"]
[EventType "team-swiss"]
[EventDate "2016.12.26"]

1. e4 c5 2. Nf3 Nc6 3. d4 cxd4 4. Nxd4 Nf6 5. Nc3 e6 6. Be3 Bb4 7. Bd3 d5 8.
Nxc6 bxc6 9. exd5 cxd5 10. O-O O-O 11. Bd4 Bd6 12. f4 Qe7 13. Be5 Bxe5 14. fxe5
Nd7 15. Qh5 g6 16. Qe2 Qc5+ 17. Kh1 d4 18. Ne4 Qxe5 19. Rae1 Qg7 20. Bb5 Rb8
21. Bxd7 Rxb2 22. Nf6+ Kh8 23. Ba4 Rb6 24. Qe5 Ba6 25. Rf3 Rb4 26. Bb3 Rd8 27.
Qc7 Qf8 28. Nxh7 Rb7 29. Qe5+ Kxh7 30. Rh3+ Qh6 31. Rxh6+ Kxh6 32. Re4  1-0

[Event "DVM U16 2016"]
[Site "Neumarkt in der Oberpfalz GER"]
[Date "2016.12.28"]
[Round "3"]
[White "Erlekam, Simon"]
[Black "Delere, Adrian"]
[Result "1/2-1/2"]
[Termination "normal"]
[Board "9.2"]
[WhiteElo "1843"]
[BlackElo "1709"]
[WhiteTeam "SK Gau-Algesheim"]
[BlackTeam "SC Rochade Emsdetten"]
[PlyCount "121"]
[WhiteFideId "12921416"]
[BlackFideId "12990400"]
[EventCountry "GER"]
[EventRounds "7"]
[EventType "team-swiss"]
[EventDate "2016.12.26"]

1. e4 e5 2. Nf3 Nc6 3. Bb5 a6 4. Bxc6 dxc6 5. h3 Qf6 6. d3 Bd7 7. Nbd2 Bd6 8.
b3 Ne7 9. Bb2 Ng6 10. g3 O-O-O 11. Qe2 Qe7 12. Nc4 f6 13. O-O-O Rde8 14. Nfd2
h5 15. Nxd6+ cxd6 16. Nc4 Be6 17. d4 exd4 18. Rxd4 Bxc4 19. Qxc4 Ne5 20. Qe2 h4
21. g4 Nf7 22. Rhd1 Rd8 23. f4 d5 24. Qd3 dxe4 25. Qxe4 Qxe4 26. Rxe4 Rhe8 27.
Rxd8+ Kxd8 28. Rxe8+ Kxe8 29. Kd2 Ke7 30. f5 Ng5 31. Ba3+ Kf7 32. Ke3 Nxh3 33.
Bd6 g6 34. Kf3 Ng5+ 35. Kf4 Nh3+ 36. Kf3 Ng5+ 37. Kf4 h3 38. Ke3 Kg7 39. Bf4
Nf7 40. fxg6 Kxg6 41. Kf3 Ne5+ 42. Kg3 h2 43. Kxh2 Nxg4+ 44. Kg3 Kf5 45. Kf3
Ne5+ 46. Ke3 Ng6 47. Bc7 Kg4 48. Kd4 f5 49. Kc5 Ne7 50. Kd6 Nd5 51. Ba5 f4 52.
c4 f3 53. Be1 Nf4 54. Bf2 Nd3 55. Be3 Kf5 56. Kc7 Ke4 57. Bg1 f2 58. Bxf2 Nxf2
59. Kxb7 c5 60. Kxa6 Nd3 61. a3  1/2-1/2

[Event "DVM U16 2016"]
[Site "Neumarkt in der Oberpfalz GER"]
[Date "2016.12.28"]
[Round "3"]
[White "Teschler, Ansgar"]
[Black "Breitenbach, Justin"]
[Result "0-1"]
[Termination "normal"]
[Board "9.3"]
[WhiteElo "2037"]
[BlackElo "1453"]
[WhiteTeam "SC Rochade Emsdetten"]
[BlackTeam "SK Gau-Algesheim"]
[PlyCount "70"]
[WhiteFideId "16231139"]
[BlackFideId "12971383"]
[EventCountry "GER"]
[EventRounds "7"]
[EventType "team-swiss"]
[EventDate "2016.12.26"]

1. d4 d5 2. c4 e6 3. Nc3 Nf6 4. cxd5 exd5 5. Bg5 Be7 6. e3 O-O 7. Bd3 b6 8.
Bxf6 Bxf6 9. Qh5 g6 10. Qxd5 c6 11. Qxd8 Rxd8 12. Nge2 Bb7 13. Rd1 c5 14. Be4
Bxe4 15. Nxe4 Be7 16. O-O f5 17. N4c3 Nc6 18. d5 Ne5 19. Nf4 Nf7 20. f3 Bd6 21.
Ne6 Rd7 22. e4 Re8 23. Rfe1 Rde7 24. Ne2 h6 25. Nc1 Ng5 26. e5 Bb8 27. Nxg5
hxg5 28. e6 Kg7 29. Nd3 Kf6 30. g3 Rd8 31. Nf2 Be5 32. Re2 Bd4 33. Kg2 Rxd5 34.
Rde1 Re5 35. b3 Rxe2 ( 35... R7xe6 36. Rxe5 Rxe5 37. Rxe5 Kxe5 38. Nh3 Be3 39.
g4 fxg4 40. fxg4 Ke4 41. Nf2+ Bxf2 42. Kxf2 b5 43. h3 ) 0-1

[Event "DVM U16 2016"]
[Site "Neumarkt in der Oberpfalz GER"]
[Date "2016.12.28"]
[Round "3"]
[White "Jilge, Sebastian"]
[Black "Hoppe, Nico"]
[Result "1-0"]
[Termination "normal"]
[Board "9.4"]
[WhiteElo "1395"]
[BlackElo "1564"]
[WhiteTeam "SK Gau-Algesheim"]
[BlackTeam "SC Rochade Emsdetten"]
[PlyCount "43"]
[WhiteFideId "16208048"]
[BlackFideId "16225520"]
[EventCountry "GER"]
[EventRounds "7"]
[EventType "team-swiss"]
[EventDate "2016.12.26"]

1. e4 c6 2. d4 d5 3. Nc3 dxe4 4. Nxe4 Bf5 5. Nc3 e6 6. Nf3 Nf6 7. Bf4 Nbd7 8.
Bd3 Bxd3 9. Qxd3 c5 10. O-O-O Be7 11. Nb5 Nd5 12. Bd6 a6 13. Bxe7 Qxe7 14. Nc3
Nxc3 15. Qxc3 Rd8 16. dxc5 Nf6 17. Rxd8+ Qxd8 18. Qb4 Qc7 19. Rd1 O-O 20. Qd4
Rc8 21. Ne5 Qxc5 22. Qxc5  1-0

[Event "DVM U16 2016"]
[Site "Neumarkt in der Oberpfalz GER"]
[Date "2016.12.28"]
[Round "3"]
[White "Mühlpfordt, Thomas"]
[Black "Kandler, Philipp"]
[Result "1-0"]
[Termination "normal"]
[Board "10.1"]
[WhiteElo "1828"]
[BlackElo "1594"]
[WhiteTeam "SC 1997 Lambsheim"]
[BlackTeam "Gütersloher SV"]
[PlyCount "95"]
[WhiteFideId "12986623"]
[BlackFideId "16200772"]
[EventCountry "GER"]
[EventRounds "7"]
[EventType "team-swiss"]
[EventDate "2016.12.26"]

1. e4 e5 2. Nf3 Nf6 3. Nxe5 d6 4. Nf3 Nxe4 5. d4 Be7 6. Bd3 d5 7. O-O O-O 8.
Re1 Nd6 9. Bf4 Bg4 10. h3 Bh5 11. Nbd2 Nd7 12. c3 Bg6 13. Nf1 Nf6 14. Ng3 c6
15. Ne5 Bxd3 16. Nxd3 Nde4 17. Nf5 Re8 18. f3 Nd6 19. Rxe7 Nxf5 20. Rxb7 Nd6
21. Bxd6 Qxd6 22. Ne5 Rab8 23. Rxb8 Rxb8 24. b3 Nd7 25. Nxd7 Qxd7 26. Qd2 h6
27. Re1 Re8 28. Kf2 Rxe1 29. Qxe1 Qf5 30. Qe8+ Kh7 31. Qxc6 Qc2+ 32. Kg3 Qxa2
33. Qxd5 Qb2 34. Qc4 Qd2 35. Qc5 Qc2 36. b4 f6 37. c4 Qd2 38. b5 Qc1 39. Qd5
Qd2 40. c5 Qe1+ 41. Kh2 Qb4 42. c6 Qd2 43. Qe4+ Kh8 44. c7 Qc1 45. Qe8+ Kh7 46.
c8=Q Qf4+ 47. Kh1 Qxd4 48. Qc2+  1-0

[Event "DVM U16 2016"]
[Site "Neumarkt in der Oberpfalz GER"]
[Date "2016.12.28"]
[Round "3"]
[White "Neumann, Theodor"]
[Black "Wacker, Andreas"]
[Result "1/2-1/2"]
[Termination "normal"]
[Board "10.2"]
[WhiteElo "1739"]
[BlackElo "1646"]
[WhiteTeam "Gütersloher SV"]
[BlackTeam "SC 1997 Lambsheim"]
[PlyCount "102"]
[WhiteFideId "16200799"]
[BlackFideId "12953083"]
[EventCountry "GER"]
[EventRounds "7"]
[EventType "team-swiss"]
[EventDate "2016.12.26"]

1. e4 c6 2. Nf3 d5 3. Nc3 Bg4 4. exd5 cxd5 5. h3 Bxf3 6. Qxf3 e6 7. Bb5+ Nc6 8.
O-O Nf6 9. d3 a6 10. Ba4 Be7 11. Qg3 g6 12. Bh6 Bf8 13. Bxf8 Kxf8 14. f4 b5 15.
Bb3 Nh5 16. Qf2 Ne7 17. Rae1 Qc7 18. a4 b4 19. Ne2 Qa7 20. g4 Qxf2+ 21. Rxf2
Ng7 22. Nd4 h5 23. Kg2 Rd8 24. c3 bxc3 25. bxc3 Rb8 26. Ba2 hxg4 27. hxg4 Ke8
28. f5 gxf5 29. gxf5 Ngxf5 30. Nxf5 Nxf5 31. Bxd5 Kd7 32. Bc4 Nd6 33. Bxa6 Rb6
34. Bb5+ Nxb5 35. axb5 Rxb5 36. Rxf7+ Kd6 37. Kf2 Rb3 38. Rf6 Re8 39. Rc1 Rc8
40. Re1 Re8 41. Rf4 Rxc3 42. Rd4+ Kc5 43. Ree4 e5 44. Rc4+ Rxc4 45. Rxc4+ Kd5
46. Ke3 Rh8 47. Ra4 Rh3+ 48. Kd2 Rh2+ 49. Ke3 Rh1 50. Ra5+ Kd6 51. Rb5 Rh4
1/2-1/2

[Event "DVM U16 2016"]
[Site "Neumarkt in der Oberpfalz GER"]
[Date "2016.12.28"]
[Round "3"]
[White "Dalchow, Jonas"]
[Black "Fortenbacher, Dominic"]
[Result "1/2-1/2"]
[Termination "normal"]
[Board "10.3"]
[WhiteElo "1785"]
[BlackElo "1579"]
[WhiteTeam "SC 1997 Lambsheim"]
[BlackTeam "Gütersloher SV"]
[PlyCount "114"]
[WhiteFideId "12971251"]
[BlackFideId "16200780"]
[EventCountry "GER"]
[EventRounds "7"]
[EventType "team-swiss"]
[EventDate "2016.12.26"]

1. e4 e5 2. Nf3 Nc6 3. Bc4 Bc5 4. c3 Nf6 5. d4 exd4 6. cxd4 Bb4+ 7. Nc3 Nxe4 8.
O-O Bxc3 9. d5 Ne5 10. bxc3 Nxc4 11. Qd4 O-O 12. Qxe4 Nd6 13. Qd3 Qf6 14. Ba3
b6 15. Rfe1 Bb7 16. Re3 Rfe8 17. Rae1 Rxe3 18. Rxe3 Qg6 19. Bxd6 Qxd3 20. Rxd3
cxd6 21. c4 Rc8 22. Nd2 f5 23. g3 Ba6 24. Ra3 Bxc4 25. Nxc4 Rxc4 26. Rxa7 Rc5
27. Rxd7 Rxd5 28. a4 Rd4 29. Kg2 Rxa4 30. Rxd6 Rb4 31. Rd7 Rb3 32. Rb7 b5 33.
Kg1 b4 34. Rb5 g6 35. Rb7 Rb1+ 36. Kg2 b3 37. h3 b2 38. Rb8+ Kf7 39. Rb7+ Kf6
40. Rb6+ Ke5 41. Rb5+ Kd4 42. Rb8 Kc3 43. Rc8+ Kd3 44. Rb8 Kc3 45. Rc8+ Kd4 46.
Rb8 g5 47. Rd8+ Ke5 48. Re8+ Kd6 49. Rb8 h5 50. Rb6+ Kc5 51. Rb8 h4 52. gxh4
gxh4 53. Rc8+ Kd6 54. Rb8 f4 55. Rb6+ Kc5 56. Rb8 f3+ 57. Kxf3 Rh1  1/2-1/2

[Event "DVM U16 2016"]
[Site "Neumarkt in der Oberpfalz GER"]
[Date "2016.12.28"]
[Round "3"]
[White "Qiu, Oliver"]
[Black "Dalchow, Mario"]
[Result "1-0"]
[Termination "normal"]
[Board "10.4"]
[WhiteElo "1661"]
[BlackElo "1471"]
[WhiteTeam "Gütersloher SV"]
[BlackTeam "SC 1997 Lambsheim"]
[PlyCount "59"]
[WhiteFideId "16200713"]
[BlackFideId "12971421"]
[EventCountry "GER"]
[EventRounds "7"]
[EventType "team-swiss"]
[EventDate "2016.12.26"]

1. e4 c6 2. Nf3 d5 3. Nc3 Bg4 4. h3 Bxf3 5. Qxf3 e6 6. a3 Nd7 7. d4 dxe4 8.
Nxe4 h6 9. c3 Ngf6 10. Ng3 Bd6 11. Bd3 Qc7 12. O-O O-O-O 13. Bd2 e5 14. Nf5
Rhg8 15. Rfe1 Rde8 16. Nxd6+ Qxd6 17. dxe5 Nxe5 18. Qf5+ Qe6 19. Rxe5 Qxf5 20.
Bxf5+ Kb8 21. Bf4 Ka8 22. Rae1 Rd8 23. Be4 Rge8 24. Bf3 Rxe5 25. Bxe5 Nd7 26.
Bxg7 Nb6 27. Bxh6 Nc4 28. Bc1 a6 29. h4 f6 30. h5  1-0